Odstraňovanie ťažkých kovov z vody

Gespeichert in:
Bibliographische Detailangaben
1. Verfasser: Ilavský, Ján, 1958- (Verfasst von)
Format: Manuskript Buch
Sprache:Slowakisch
Veröffentlicht: Bratislava : STU v Bratislave, 2009
Tags: Tag hinzufügen
Keine Tags, Fügen Sie das erste Tag hinzu!

MARC

LEADER 00000ntm a22000003a 4500
001 stu197456
005 20150617230036.3
008 091221s2009----xo------------------slo-d
040 |a STU  |b slo 
041 0 |a slo 
044 |a xo 
100 1 |a Ilavský, Ján,  |d 1958-  |4 aut  |u V280  |9 100  |U SvF Stavebná fakulta  |T SvF Katedra zdravotného inžinierstva  |X 554  |U V280  |Y 29  |7 A000000554 
245 1 |a Odstraňovanie ťažkých kovov z vody 
260 |a Bratislava :  |b STU v Bratislave,  |c 2009 
300 |a 121 s 
996 |b 284V033285  |c V*2446/HP-138  |l VVS  |s A  |a 24  |w stu197456_0001